Estudio de prefactibilidad para el montaje de una planta extractora de miel en la Cooperativa Agropecuaria de Mateare (COOPAMAT R.L) en Managua, Nicaragua
Presenta un estudio de prefactibilidad para el montaje de una planta extractora de miel en la Cooperativa Agropecuaria de Mateare, con ello se pretende mejorar la economía de los asociados, implementando la innovación tecnológica para mejorar los niveles de producción y calidad de la miel.
| Main Author: | |
|---|---|
| Other Authors: | |
| Format: | Tesis Section = Libro |
| Language: | Undetermined Spanish |
| Published: |
Managua
UNI
2015
|
| Subjects: |
| LEADER | 01136nam a2200241Ia 4500 | ||
|---|---|---|---|
| 008 | 240830s9999 xx 000 0 und d | ||
| 040 | |a BIBLIOTECA-RUSB/ M.Mon 658.835 G633 | ||
| 041 | |a spa | ||
| 082 | |a M.Mon 658.835 G633 | ||
| 100 | 1 | |a Gómez Mayorga, Georgina Raquel | |
| 245 | 1 | 0 | |a Estudio de prefactibilidad para el montaje de una planta extractora de miel en la Cooperativa Agropecuaria de Mateare (COOPAMAT R.L) en Managua, Nicaragua |
| 260 | |a Managua |b UNI |c 2015 | ||
| 300 | |a 235 p. :il. | ||
| 500 | |a Contiene anexos | ||
| 502 | |a Tesis (Master en Gerencia de Proyectos de Desarrollo.) - UNI, 2015. | ||
| 520 | 3 | |a Presenta un estudio de prefactibilidad para el montaje de una planta extractora de miel en la Cooperativa Agropecuaria de Mateare, con ello se pretende mejorar la economía de los asociados, implementando la innovación tecnológica para mejorar los niveles de producción y calidad de la miel. | |
| 650 | 7 | |a ESTUDIO TECNICO- FINANCIERO | |
| 650 | 7 | |b PLANTA EXTRACTORA | |
| 650 | 7 | |c IMPACTO AMBIENTAL | |
| 700 | 1 | |a Tutor: |b Hernández Hidalgo, Heimdall | |
| 942 | |c BK |2 ddc | ||
| 991 | |a TESIS | ||
| 999 | |c 19517 | ||